Science 3-13 : the past, the present, and possible futures /

Bibliographic Details
Corporate Author: NetLibrary, Inc
Other Authors: Warwick, Paul, 1956-, Linfield, Rachel Sparks
Format: eBook
Language:English
Published: London ; New York : RoutledgeFalmer, 2000.
Series:Primary directions series.
Subjects:
Online Access:Connect to the full text of this electronic book

MARC

Tag First Indicator Second Indicator Subfields
LEADER 00000cam a2200000La 4500
001 in00001762012
005 20220105110512.0
006 m u
007 cr cn---------
008 020209s2000 enka sb 001 0 eng d
020 |a 0203190645 (electronic bk.) 
035 |a (OCoLC)ocm49569892 
040 |a N$T  |c N$T  |d OCLCQ  |d UtOrBLW 
043 |a e-uk--- 
049 |a IICA 
050 1 4 |a LB1585.5.G7  |b S33 2000eb 
082 0 4 |a 500/.71/2041  |2 21 
245 0 0 |a Science 3-13 :  |b the past, the present, and possible futures /  |c edited by Paul Warwick and Rachel Sparks Linfield. 
264 1 |a London ;  |a New York :  |b RoutledgeFalmer,  |c 2000. 
300 |a xvi, 140 pages :  |b illustrations ;  |c 25 cm. 
336 |a text  |b txt  |2 rdacontent 
337 |a computer  |b c  |2 rdamedia 
338 |a online resource  |b cr  |2 rdacarrier 
490 1 |a Primary directions series 
504 |a Includes bibliographical references and index. 
533 |a Electronic reproduction.  |b Boulder, Colo. :  |c NetLibrary,  |d 2002.  |n Available via World Wide Web.  |n Access may be limited to NetLibrary affiliated libraries. 
500 |a Electronic resource. 
650 0 |a Science  |x Study and teaching (Elementary)  |z Great Britain.  |0 http://id.loc.gov/authorities/subjects/sh2010112260 
650 0 |a Science  |x Study and teaching (Secondary)  |z Great Britain.  |0 http://id.loc.gov/authorities/subjects/sh2010112261 
655 7 |a Electronic books.  |2 local 
700 1 |a Warwick, Paul,  |d 1956-  |0 http://id.loc.gov/authorities/names/n99255663 
700 1 |a Linfield, Rachel Sparks.  |0 http://id.loc.gov/authorities/names/nb99005385 
710 2 |a NetLibrary, Inc.  |0 http://id.loc.gov/authorities/names/no99080690 
776 1 |c Original  |z 0415227860  |w (DLC) 99049509  |w (OCoLC)42619607 
830 0 |a Primary directions series.  |0 http://id.loc.gov/authorities/names/n99255664 
856 4 1 |u https://proxy.library.tamu.edu/login?url=http://www.netLibrary.com/urlapi.asp?action=summary&v=1&bookid=63923  |z Connect to the full text of this electronic book  |t 0 
994 |a X0  |b IIC 
999 |a MARS 
999 f f |s b43000e9-c1ed-377b-88d4-b3ad8e20e466  |i 58c09f26-d3ce-36bd-984b-e32a6567a753  |t 0 
952 f f |a Texas A&M University  |b College Station  |c Electronic Resources  |d Available Online  |t 0  |e LB1585.5.G7 S33 2000eb  |h Library of Congress classification 
998 f f |a LB1585.5.G7 S33 2000eb  |t 0  |l Available Online